| 000 | 00000nam##2200000za#4500 |
| 001 | 9.616699 |
| 003 | CaOODSP |
| 005 | 20200327143929 |
| 007 | ta |
| 008 | 150406|2003||||xxc||||| f|0| 0 eng|d |
| 022 | |a0706-6457 |
| 040 | |aCaOODSP|beng |
| 043 | |an-cn--- |
| 086 | 1 |aFs97-6/2479E |
| 110 | 1 |aCanada. |bDepartment of Fisheries and Oceans. |
| 245 | 10|aSpatial distribution and population structure of the mussels Dreissena polymorpha and Dreissena bugensis in the Bay of Quinte, Lake Ontario, 1998 and 2000 / |c[by] R. Dermott et al. |
| 260 | |aOttawa - Ontario : |bFisheries and Oceans Canada |c2003. |
| 300 | |av, 58p. : |breferences, tables ; |c28 cm. |
| 490 | 1 |aCanadian technical report of fisheries and aquatic sciences|x0706-6457|v2479 |
| 500 | |a"Great Lakes Laboratory for Fisheries and Aquatic Sciences, Bayfield Institute, Fisheries and Oceans Canada, 867 lakeshore Road, Burlington, Ontario, L7R 4A6" |
| 546 | |a(Textes d'introduction en anglais et en français.) |
| 563 | |aRing binding |
| 590 | |a04-06|b2004-02-06 |
| 720 | 1 |aDermott, R. |
| 776 | 0#|tSpatial distribution and population structure of the mussels Dreissena polymorpha and Dreissena bugensis in the Bay of Quinte, Lake Ontario, 1998 and 2000 / |w(CaOODSP)9.574072 |
| 830 | #0|aCanadian technical report of fisheries and aquatic sciences,|x0706-6457|v2479|w(CaOODSP)9.514691 |